Statistics for Countries of the World with an Empty Map

Click here to take the quiz!

General Stats

  • This quiz has been taken 1,051,282 times
    (1,051,254 since last reset)
  • The average score is 151 of 196

Answer Stats

Country % Correct
Canada
97%
United States
97%
France
96%
Mexico
96%
China
96%
United Kingdom
96%
Russia
96%
Germany
95%
Brazil
95%
Spain
94%
Argentina
94%
Australia
94%
Italy
93%
Egypt
93%
India
93%
South Africa
92%
Japan
92%
Sweden
92%
Finland
91%
Norway
91%
Chile
91%
Iran
91%
Poland
91%
Mongolia
90%
Iraq
90%
Turkey
90%
Portugal
90%
Greece
89%
Switzerland
89%
Denmark
89%
Peru
89%
Austria
89%
South Korea
88%
Pakistan
88%
New Zealand
88%
Colombia
88%
Indonesia
87%
Afghanistan
87%
Niger
87%
Ukraine
87%
North Korea
87%
Kazakhstan
86%
Uruguay
86%
Saudi Arabia
86%
Bolivia
86%
Paraguay
86%
Dem. Rep. of the Congo
86%
Morocco
86%
Panama
86%
Republic of the Congo
85%
Nigeria
85%
Ireland
85%
Sudan
85%
Cuba
85%
Algeria
85%
Thailand
84%
Venezuela
84%
Hungary
84%
Vietnam
84%
Libya
84%
Belgium
84%
Czech Republic
84%
Iceland
83%
Netherlands
83%
Romania
83%
Slovakia
83%
Israel
83%
Nepal
83%
Latvia
82%
Croatia
82%
Ethiopia
82%
Belarus
81%
Chad
81%
Yemen
81%
Lithuania
81%
Estonia
81%
Kenya
81%
Ecuador
80%
Syria
80%
Laos
80%
Slovenia
80%
Luxembourg
80%
Oman
80%
Serbia
79%
South Sudan
79%
Albania
79%
Zimbabwe
79%
Honduras
79%
Uzbekistan
79%
Madagascar
78%
Somalia
78%
Costa Rica
78%
Bulgaria
78%
Vatican City
77%
Jamaica
77%
Haiti
77%
Cambodia
77%
Mali
77%
United Arab Emirates
77%
Bosnia and Herzegovina
77%
Malaysia
77%
Jordan
77%
Georgia
76%
Dominica
76%
Andorra
76%
Turkmenistan
76%
Ghana
76%
Tunisia
76%
Bangladesh
76%
Angola
76%
Guatemala
76%
Philippines
75%
Nicaragua
75%
Myanmar
75%
Zambia
75%
Armenia
74%
Papua New Guinea
74%
Sri Lanka
74%
North Macedonia
74%
Guyana
74%
Ivory Coast
74%
Namibia
73%
Botswana
73%
Guinea
73%
Azerbaijan
73%
Uganda
73%
Tanzania
73%
Suriname
73%
Belize
73%
Bhutan
73%
Central African Republic
73%
Taiwan
72%
Moldova
72%
Lesotho
72%
Liechtenstein
72%
Cyprus
72%
Malta
72%
Bahamas
72%
El Salvador
72%
Kosovo
72%
Monaco
72%
Lebanon
71%
Montenegro
71%
Qatar
71%
Rwanda
71%
Togo
71%
Mozambique
71%
Cameroon
71%
Singapore
70%
Dominican Republic
70%
Fiji
70%
Tajikistan
70%
Senegal
70%
Eritrea
69%
Liberia
69%
Mauritania
69%
Eswatini
69%
San Marino
69%
Kyrgyzstan
69%
Malawi
67%
Benin
67%
Kuwait
67%
Gambia
66%
Bahrain
65%
Trinidad and Tobago
65%
Djibouti
65%
Barbados
65%
Gabon
64%
Maldives
64%
Burkina Faso
64%
Sierra Leone
64%
Mauritius
63%
Seychelles
62%
St. Kitts and Nevis
62%
Guinea Bissau
62%
Burundi
62%
Equatorial Guinea
62%
Fed. States of Micronesia
61%
Brunei
61%
St. Lucia
61%
Tonga
61%
Cape Verde
60%
Samoa
60%
East Timor
60%
Solomon Islands
59%
Antigua and Barbuda
59%
Vanuatu
59%
St. Vincent and Grenadines
58%
Kiribati
58%
Marshall Islands
58%
Tuvalu
57%
Comoros
57%
Palau
57%
Nauru
56%
Grenada
56%
São Tomé and Príncipe
56%

Score Distribution

Percentile by Number Answered

Percent of People with Each Score

Your Score History

You have not taken this quiz since the last reset